000 00665cam a22002173a 4500
001 33896
003 PGUSA
005 20140828083731.0
008 101030s2010||||xxu|||||s|||||000 | eng d
040 _aPGUSA
_beng
042 _adc
100 1 _aChurch, R. W.
_q(Richard William),
_d1815-1890
245 1 0 _aDante. An essay. :
_bTo which is added a translation of De Monarchia.
_h[electronic resource] /
_cR. W. Church
260 _bProject Gutenberg,
_c2010
506 _aPublic domain in the USA.
516 _aElectronic text
700 1 _aChurch, F. J.
830 0 _aProject Gutenberg
_v33896
856 4 0 _uhttp://www.gutenberg.org/ebooks/33896
942 _cEB
999 _c263151
_d263151